Asian Flags with Green Color - Sudden Death - Statistics

General Stats
  • This quiz has been taken 71 times
  • The average score is 15 of 19
Answers on the Grid
Answers color-coded by a green-red scale on the quiz's grid according to % correct below.
Myanmar
India
Oman
Thailand
Israel
Tajikistan
China
Bangladesh
Lebanon
Maldives
Pakistan
Kyrgyzstan
South Korea
Laos
Japan
Turkmenistan
Azerbaijan
Uzbekistan
Cyprus
Bhutan
Sri Lanka
Iran
Cambodia
Saudi Arabia
Nepal
Iraq
Syria
United Arab Emirates
Jordan
Kuwait
 
Answer Stats
Answer % Correct
India
95%
Pakistan
89%
Bangladesh
87%
Lebanon
85%
Turkmenistan
85%
Saudi Arabia
80%
Jordan
78%
Maldives
78%
Oman
76%
Tajikistan
76%
United Arab Emirates
76%
Azerbaijan
75%
Iran
73%
Kuwait
71%
Myanmar
71%
Iraq
67%
Syria
67%
Uzbekistan
64%
Sri Lanka
58%
No matching quizzes found
Score Distribution
Percent of People with Each Score
Percentile by Number Answered
Your Score History
You have not taken this quiz